00584nam a2200193Ia 4500008004100000041001200041082001200053100005000065245005600115260003700171300000800208365000800216520001400224546001200238630005600250650001400306655001400320730005600334101110s9999 xx 000 0 und d aENGLISH bSR29221 aRaghuramam K.Prabhu D.V.Sathe P.A. and ohters aBasic Principles in Analytical Chemistry (T.Y.B.Sc) c2005bSheth Pub. Pvt Ltd, Mumbai a372 b120 aChemistry aENGLISH aBasic Principles in Analytical Chemistry (T.Y.B.Sc) aChemistry aChemistry aBasic Principles in Analytical Chemistry (T.Y.B.Sc)